Athletics by Picture - Triple jump - Statistics

General Stats
  • This quiz has been taken 15 times
  • The average score is 4 of 20
Answer Stats
Picture Hint Answer % Correct
GBR - WR holder, Olympic champion 2000, World champion 1995 & 2001 Jonathan Edwards
85%
VEN - WR holder, Olympic champion 2020, World champion 2017, 2019, 2022 & 2023 Yulimar Rojas
62%
USA - Olympic champion 2012 & 2016, World champion 2011, 2015, 2017 & 2019 Christian Taylor
38%
POR - Olympic champion 2008, World champion 2007 Nelson Evora
38%
COL - Olympic champion 2016, World champion 2013 & 2015 Caterine Ibargüen
23%
SWE - Olympic champion 2004, World champion 2003 Christian Olsson
23%
BUR - World champion 2023 Hugues Fabrice Zango
23%
UKR - Olympic champion 1996, World champion 1995 Inessa Kravets
23%
USA - Olympic champion 1992, World champion 1993 Mike Conley
23%
POR - Olympic champion 2020, World champion 2022 & 2025 Pedro Pichardo
23%
USA - Olympic champion 1996, World champion 1991 Kenny Harrison
15%
RUS - World champion 2001 & 2003 Tatyana Lebedeva
15%
CMR - Olympic champion 2004 & 2008 Françoise Mbango Etone
8%
BUL - Olympic champion 1988, World champion 1987 Khristo Markov
8%
KAZ - Olympic champion 2012 Olga Rypakova
8%
JAM - Olympic silver medallist 2024 Shanieka Ricketts
8%
DOM - Olympic champion 2024 Thea LaFond
8%
BUL - Olympic champion 2000 Tereza Marinova
0%
URS - Olympic champion 1968, 1972 & 1976 Viktor Saneyev
0%
CUB - World champion 2007 & 2009 Yargelis Savigne
0%
No matching quizzes found
Score Distribution
Percent of People with Each Score
Percentile by Number Answered
Your Score History
You have not taken this quiz